000 00906nam a2200289 i 4500
001 bg
100 1 _aOtto, Barbara.
245 1 0 _aHere is the news.
_nPt. 2,
_pCrime, violence, sociopolitical issues, miscellaneous topics /
_cBarbara Otto, Marcin Otto.
260 _aWarszawa :
_bWydawnictwo Poltext,
_c2008.
300 _a283 s. ;
_c24 cm +
_edysk optyczny (CD-ROM).
504 _aIndex.
650 9 _aJęzyk angielski
650 9 _aPrasa (wydawnictwa)
_xjęzyk
650 9 _aPublicystyka
_xsłownictwo
650 9 _aProgramy telewizyjne
_xjęzyk
655 _aPodręczniki
700 1 _aOtto, Marcin.
020 _a9788375610062
040 _cBPK
041 0 _aeng
_bpol
044 _aPOL
080 _a802.0(07):659.3
920 _a978-83-7561-006-2
942 _cKS
008 s pl f |000 0 pol
999 _c55211
_d55211
856 _uhttp://koha.tu.koszalin.pl/cgi-bin/koha/opac-detail.pl?biblionumber=55211
_yKatalog online BPK